[Event "Mecklenburg VP LL2 West 1718"]
[White "Martensen, Helmut"]
[Black "Schult, Tobias"]
[Site "Mecklenburg VP"]
[Round "4.4"]
[Result "1/2-1/2"]
[Date "2017.12.10"]
[WhiteElo "2016"]
[BlackElo "1805"]
[PlyCount "78"]
[EventDate "2017.10.08"]
[EventType "team-tourn"]
[EventRounds "9"]
[EventCountry "GER"]
[SourceTitle "EXT 2022"]
[Source "ChessBase"]
[SourceDate "2021.10.06"]
[SourceVersion "1"]
[SourceVersionDate "2021.10.06"]
[SourceQuality "1"]
[WhiteTeam "Ludwigslust VT 2000"]
[BlackTeam "Parchim SV Blau-Weiss 69"]
[WhiteTeamCountry "GER"]
[BlackTeamCountry "GER"]

1. e4 c5 2. Nf3 d6 3. d4 cxd4 4. Nxd4 Nc6 5. Be3 Nf6 6. Nc3 a6 7. Be2 e6 8. 0-0 Be7 9. f4 0-0 10. Qe1 e5 11. Nxc6 bxc6 12. fxe5 dxe5 13. Qg3 Kh8 14. Qxe5 Bd6 15. Qg5 Re8 16. Rad1 Qe7 17. Bf4 Bxf4 18. Rxf4 Bb7 19. Rdf1 c5 20. Bd3 Rad8 21. Qh4 Qe5 22. Rf5 Qd4+ 23. Kh1 c4 24. Ne2 Qxb2 25. Rxf6 cxd3 26. cxd3 gxf6 27. Rxf6 Rg8 28. Rxf7 Bxe4 29. Qxe4 Rg7 30. Rxg7 Qxg7 31. h3 Qb2 32. Nf4 Qd4 33. Qf5 Qd7 34. Qe5+ Kg8 35. Qg5+ Kh8 36. Qf6+ Kg8 37. Qg5+ Kh8 38. Qc5 Kg8 39. Qg5+ Kh8 1/2-1/2

[Event "Mecklenburg VP LL2 West 1112"]
[White "Martensen, Helmut"]
[Black "Pingel, Falko"]
[Site "Mecklenburg VP"]
[Round "2.1"]
[Result "1/2-1/2"]
[Date "2011.10.23"]
[WhiteElo "1915"]
[BlackElo "1828"]
[PlyCount "24"]
[EventDate "2011.10.02"]
[EventType "team-tourn"]
[EventRounds "9"]
[EventCountry "GER"]
[SourceTitle "EXT 2022"]
[Source "ChessBase"]
[SourceDate "2021.10.06"]
[SourceVersion "1"]
[SourceVersionDate "2021.10.06"]
[SourceQuality "1"]
[WhiteTeam "Ludwigslust Post SV"]
[BlackTeam "Parchim SV Blau-Weiss 69"]
[WhiteTeamCountry "GER"]
[BlackTeamCountry "GER"]

1. e4 e6 2. d4 d5 3. Nc3 dxe4 4. Nxe4 Be7 5. Nf3 Nf6 6. Ng3 b6 7. Be2 Bb7 8. 0-0 Nbd7 9. b3 0-0 10. Bb2 c5 11. Qd2 Qc7 12. c4 Rad8 1/2-1/2

[Event "Mecklenburg VP LL2 West 1011"]
[White "Martensen, Helmut"]
[Black "Hess, Bernd"]
[Site "Mecklenburg VP"]
[Round "8.2"]
[Result "1-0"]
[Date "2011.03.20"]
[WhiteElo "1948"]
[BlackElo "1757"]
[PlyCount "77"]
[EventDate "2010.10.10"]
[EventType "team-tourn"]
[EventRounds "9"]
[EventCountry "GER"]
[SourceTitle "EXT 2022"]
[Source "ChessBase"]
[SourceDate "2021.10.06"]
[SourceVersion "1"]
[SourceVersionDate "2021.10.06"]
[SourceQuality "1"]
[WhiteTeam "Ludwigslust Post SV"]
[BlackTeam "Schwerin SV Einheit"]
[WhiteTeamCountry "GER"]
[BlackTeamCountry "GER"]

1. e4 e6 2. d4 d5 3. Nc3 Bb4 4. e5 c5 5. a3 Bxc3+ 6. bxc3 cxd4 7. cxd4 Ne7 8. Bd3 Nd7 9. Ne2 Nb6 10. 0-0 Bd7 11. Bd2 Nc6 12. Rb1 Qc7 13. Qc1 Nc4 14. Bxc4 dxc4 15. Bc3 0-0 16. Qg5 h6 17. Qg4 Ne7 18. Nf4 Bc6 19. Bb4 Rfe8 20. Bxe7 Qxe7 21. h4 Kh7 22. Nh5 Rg8 23. Rbe1 Qxa3 24. f4 Bd5 25. f5 exf5 26. Qxf5+ Kh8 27. Nf4 Be6 28. Nxe6 fxe6 29. Qxe6 b5 30. Qc6 Qb4 31. e6 Rac8 32. Qe4 Qd6 33. Qe5 Qe7 34. Rf7 Qxh4 35. d5 Rcd8 36. Re4 Qg5 37. Qxg5 hxg5 38. e7 Rb8 39. d6 1-0

[Event "Mecklenburg VP LL 0809"]
[White "Hubert, Peter"]
[Black "Martensen, Helmut"]
[Site "Mecklenburg VP"]
[Round "?"]
[Result "1-0"]
[Date "2009.03.01"]
[WhiteElo "1999"]
[BlackElo "1929"]
[PlyCount "79"]
[EventDate "2008.10.05"]
[EventType "team-tourn"]
[EventRounds "9"]
[EventCountry "GER"]
[SourceTitle "EXT 2022"]
[Source "ChessBase"]
[SourceDate "2021.10.06"]
[SourceVersion "1"]
[SourceVersionDate "2021.10.06"]
[SourceQuality "1"]
[WhiteTeam "Stralsund FHSG"]
[BlackTeam "Ludwigslust Post SV"]
[WhiteTeamCountry "GER"]
[BlackTeamCountry "GER"]

1. c4 g6 2. Nc3 Bg7 3. g3 c6 4. Bg2 e5 5. e4 Ne7 6. Nge2 0-0 7. 0-0 d6 8. d4 a6 9. Be3 Nd7 10. Qd2 f5 11. f4 fxe4 12. fxe5 dxe5 13. Rxf8+ Nxf8 14. Nxe4 Nf5 15. d5 cxd5 16. cxd5 Nxe3 17. Qxe3 Bf5 18. N2c3 Rc8 19. Rd1 Rc4 20. Nd2 Rd4 21. Nb3 Rxd1+ 22. Nxd1 b5 23. Nc3 Qd6 24. Qc5 Qd8 25. Ne4 Nd7 26. Qc6 Bxe4 27. Bxe4 Bh6 28. Kg2 Kg7 29. Qd6 Qc8 30. Qe6 Qd8 31. d6 Bg5 32. Bc6 Nf8 33. Qxe5+ Bf6 34. Qd5 Bxb2 35. Nc5 Bf6 36. Nxa6 Qa5 37. Nc7 Bd8 38. Qe5+ Kh6 39. Qf4+ Kg7 40. Ne8+ 1-0

[Event "Mecklenburg VP LL 0809"]
[White "Martensen, Helmut"]
[Black "Hodl, Ingolf"]
[Site "Mecklenburg VP"]
[Round "3.3"]
[Result "1/2-1/2"]
[Date "2008.11.30"]
[WhiteElo "1929"]
[BlackElo "2019"]
[PlyCount "39"]
[EventDate "2008.10.05"]
[EventType "team-tourn"]
[EventRounds "9"]
[EventCountry "GER"]
[SourceTitle "EXT 2022"]
[Source "ChessBase"]
[SourceDate "2021.10.06"]
[SourceVersion "1"]
[SourceVersionDate "2021.10.06"]
[SourceQuality "1"]
[WhiteTeam "Ludwigslust Post SV"]
[BlackTeam "Rostock SSC 07 II"]
[WhiteTeamCountry "GER"]
[BlackTeamCountry "GER"]

1. e4 Nf6 2. Nc3 e5 3. Nf3 Nc6 4. d4 exd4 5. Nd5 Be7 6. Bf4 d6 7. Nxd4 0-0 8. Nxc6 bxc6 9. Nc3 Re8 10. Bd3 Rb8 11. Rb1 d5 12. 0-0 d4 13. Ne2 Bd6 14. Bg3 c5 15. f3 Nh5 16. Qd2 Nxg3 17. hxg3 Re6 18. b3 Rb6 19. Rbe1 Rh6 20. f4 1/2-1/2

[Event "Mecklenburg VP LL 0708"]
[White "Martensen, Helmut"]
[Black "Littke, Helmut"]
[Site "Mecklenburg VP"]
[Round "4.4"]
[Result "1/2-1/2"]
[Date "2007.12.09"]
[WhiteElo "1947"]
[BlackElo "1989"]
[PlyCount "34"]
[EventDate "2007.10.21"]
[EventType "team-tourn"]
[EventRounds "9"]
[EventCountry "GER"]
[SourceTitle "EXT 2016"]
[Source "ChessBase"]
[SourceDate "2015.10.08"]
[SourceVersion "1"]
[SourceVersionDate "2015.10.08"]
[SourceQuality "1"]
[WhiteTeam "Ludwigslust Post SV"]
[BlackTeam "Wismar ASV Gruen-Weiss"]
[WhiteTeamCountry "GER"]
[BlackTeamCountry "GER"]

1. e4 c5 2. Nf3 e6 3. d4 cxd4 4. Nxd4 Nc6 5. Nc3 Qc7 6. Be3 a6 7. a3 Nf6 8. Bd3 Ne5 9. Qe2 b5 10. h3 Bb7 11. 0-0 Be7 12. f4 Nc4 13. Ndxb5 axb5 14. Nxb5 Qc8 15. Bxc4 Nxe4 16. Rf3 0-0 17. Bd3 f5 1/2-1/2

[Event "Mecklenburg VP LL 0405"]
[White "Martensen, Helmut"]
[Black "Laske, Manfred"]
[Site "Mecklenburg VP"]
[Round "9.3"]
[Result "0-1"]
[Date "2005.04.24"]
[WhiteElo "1953"]
[BlackElo "1934"]
[PlyCount "80"]
[EventDate "2004.10.24"]
[EventType "team-tourn"]
[EventRounds "9"]
[EventCountry "GER"]
[SourceTitle "EXT 2009"]
[Source "ChessBase"]
[SourceDate "2008.11.26"]
[SourceVersion "1"]
[SourceVersionDate "2008.11.26"]
[SourceQuality "1"]
[WhiteTeam "Ludwigslust"]
[BlackTeam "Pasewalk"]
[WhiteTeamCountry "GER"]
[BlackTeamCountry "GER"]

1. e4 c5 2. g3 Nc6 3. Bg2 g6 4. Ne2 Bg7 5. c3 e5 6. 0-0 d6 7. d3 Nge7 8. Nd2 0-0 9. f4 Rb8 10. a4 a6 11. Nf3 Bg4 12. h3 Bxf3 13. Bxf3 d5 14. Be3 d4 15. cxd4 cxd4 16. Bf2 Nb4 17. Qb3 Qd6 18. Rfc1 Nec6 19. a5 Rfd8 20. Be1 b5 21. axb6 Rxb6 22. Qc4 Bf8 23. Bd2 Rdb8 24. Kg2 Bg7 25. Ng1 Kf8 26. Bd1 Qe6 27. Qc5+ Kg8 28. Ra3 Bf8 29. Qc4 Qd7 30. Ba4 Qd6 31. Bb3 Qd7 32. Nf3 Bd6 33. Ba4 Qe7 34. Bxb4 Rxb4 35. Qxc6 Rxb2+ 36. Bc2 Bxa3 37. Nxe5 R2b6 38. Qd5 Bxc1 39. Nc6 Qc7 40. Nxb8 Qxc2+ 0-1

[Event "Mecklenburg VP LL 0405"]
[White "Westphal, Wolfgang"]
[Black "Martensen, Helmut"]
[Site "Mecklenburg VP"]
[Round "3.3"]
[Result "1/2-1/2"]
[Date "2004.11.28"]
[WhiteElo "2111"]
[BlackElo "1953"]
[PlyCount "73"]
[EventDate "2004.10.24"]
[EventType "team-tourn"]
[EventRounds "9"]
[EventCountry "GER"]
[SourceTitle "EXT 2009"]
[Source "ChessBase"]
[SourceDate "2008.11.26"]
[SourceVersion "1"]
[SourceVersionDate "2008.11.26"]
[SourceQuality "1"]
[WhiteTeam "Schwerin"]
[BlackTeam "Ludwigslust"]
[WhiteTeamCountry "GER"]
[BlackTeamCountry "GER"]

1. e4 e5 2. Nf3 Nc6 3. Nc3 Nf6 4. h3 d5 5. exd5 Nd4 6. Bc4 Bd6 7. d3 Nf5 8. g4 Ne7 9. Qe2 0-0 10. Bg5 Ne8 11. Bxe7 Qxe7 12. Ne4 f5 13. gxf5 Bxf5 14. 0-0-0 a6 15. d4 exd4 16. Nxd6 Qxe2 17. Bxe2 Nxd6 18. Nxd4 Be4 19. f3 Bxd5 20. Rhg1 Rae8 21. Rg5 c6 22. Rdg1 g6 23. Kd2 Nf7 24. R5g3 Ne5 25. b3 c5 26. c4 Bxc4 27. Bxc4+ Nxc4+ 28. bxc4 cxd4 29. h4 Rf5 30. Kd3 Re3+ 31. Kxd4 Rexf3 32. Rxf3 Rxf3 33. h5 Kg7 34. hxg6 hxg6 35. Rb1 Rf7 36. Ke5 g5 37. Rb6 1/2-1/2

[Event "Mecklenburg VP LL 0304"]
[White "Jabbusch, Burkhard"]
[Black "Martensen, Helmut"]
[Site "Mecklenburg VP"]
[Round "3.7"]
[Result "0-1"]
[Date "2003.11.23"]
[WhiteElo "1943"]
[BlackElo "1949"]
[PlyCount "80"]
[EventDate "2003.09.28"]
[EventType "team-tourn"]
[EventRounds "9"]
[EventCountry "GER"]
[SourceTitle "EXT 2005"]
[Source "ChessBase"]
[SourceDate "2004.11.15"]
[SourceVersion "1"]
[SourceVersionDate "2004.11.15"]
[SourceQuality "1"]
[WhiteTeam "Stralsund"]
[BlackTeam "Ludwigslust"]
[WhiteTeamCountry "GER"]
[BlackTeamCountry "GER"]

1. e4 e5 2. d3 Nc6 3. f4 d5 4. exd5 Qxd5 5. Nc3 Bb4 6. Bd2 Qe6 7. Be2 Bd7 8. Nf3 0-0-0 9. 0-0 h6 10. Nxe5 Nxe5 11. fxe5 Qxe5 12. Rxf7 Nf6 13. Rxg7 Bd6 14. g3 Bf8 15. Rxd7 Rxd7 16. Bf3 h5 17. Qe1 Qf5 18. Qf1 Qc5+ 19. Kg2 Ng4 20. Re1 Bd6 21. Re4 Nxh2 22. Kxh2 h4 23. Be3 hxg3+ 24. Kg1 g2 25. Qxg2 Qf5 26. Bd4 Bh2+ 27. Kf1 Rh3 28. Ke2 Rg3 29. Qh1 Rf7 30. Re3 Bg1 31. Bxb7+ Kd8 32. Qh8+ Rf8 33. Qh4+ Rg5 34. Qe1 Bxe3 35. Bxe3 Re8 36. Ne4 Rg2+ 37. Kd1 Qg4+ 38. Kc1 Qh3 39. Bg5+ Rxg5 40. Qf1 Qxf1+ 0-1

[Event "Mecklenburg VP LL 0203"]
[White "Martensen, Helmut"]
[Black "Rossmann, Andreas"]
[Site "Mecklenburg VP"]
[Round "5.4"]
[Result "1-0"]
[Date "2003.01.26"]
[WhiteElo "1955"]
[BlackElo "2066"]
[PlyCount "45"]
[EventDate "2002.10.20"]
[EventType "team-tourn"]
[EventRounds "9"]
[EventCountry "GER"]
[SourceTitle "EXT 2016"]
[Source "ChessBase"]
[SourceDate "2015.10.08"]
[SourceVersion "1"]
[SourceVersionDate "2015.10.08"]
[SourceQuality "1"]
[WhiteTeam "Ludwigslust Post SV"]
[BlackTeam "Neubrandenburg SG Eintracht"]
[WhiteTeamCountry "GER"]
[BlackTeamCountry "GER"]

1. e4 c5 2. Nf3 Nc6 3. d4 cxd4 4. Nxd4 Nf6 5. Nc3 d6 6. Bc4 e6 7. Be3 Be7 8. Bb3 0-0 9. Qe2 Na5 10. 0-0-0 Nxb3+ 11. Nxb3 Bd7 12. f3 Qe8 13. g4 Bc6 14. h4 Nd7 15. g5 a6 16. Rdg1 b5 17. h5 b4 18. Nd1 Ne5 19. Qg2 Nc4 20. g6 fxg6 21. hxg6 h6 22. Bxh6 Bf6 23. Bd2 1-0